• 首页
  • 本馆介绍
  • 公告通知
  • 最新文献
  • 馆藏检索
  • 电子资源
  • 读者导购
  • 参考咨询
  • 我的图书馆
  • 登录
  • 详细信息显示
  • 放入我的书架
  • 预约/预借图书
  • 作者相关作品
  • 分类相关作品
  • 丛书相关作品
  • 出版社相关作品

书目信息

  • 表格格式
  • 工作单格式
  • 卡片格式
题名:
B模式
    
 
作者: 莱斯特· R.布朗 著 ;林自新 , 暴永宁 译
分册:  
出版信息: 北京   东方出版社  2003.12
页数: 308页
开本: 21cm
丛书名:
单 册:
中图分类: F062.2
科图分类:
主题词: 生态经济--研究 , 生态经济
电子资源:
ISBN: 7-5060-1750-4
000 01064nam0 2200289 450
001 073000000204
005 20031022134552.0
010    @a7-5060-1750-4@dCNY21.00
100    @a20041124d2003 em y0chiy0110 ea
101 1  @achi@ceng
102    @aCN@b110000
105    @ay z 000yy
200 1  @aB模式@AB mo shi@e拯救地球 延续文明@f(美)莱斯特· R.布朗著@F(mei)lai si te·R.bu lang zhu@g林自新,暴永宁等译
210    @a北京@c东方出版社@d2003.12
215    @a308页@d21cm
330    @a本书为全球经济持续发展,避免环境继续恶化终而导致经济衰退,指出了切实可行的途径。全书十一章,分为三部分:困扰中的文明、B模式、唯一的出路。
517 1  @a拯救地球 延续文明@Azheng jiu di qiu yan xu wen ming
606 0  @a生态经济@x研究
606 0  @a生态经济
690    @aF062.2@v4
701  0 @a莱斯特· R.布朗@Alai si te·R.bu lang@4著
702  0 @a林自新@Alin zi xin@4译
702  0 @a暴永宁@Abao yong ning@4译
801  0 @aCN@bNLC@c20041124
905    @aBZT@dF062.2@e1@f6
906    @dCNY21.00@n0@r1
999    @tC@Axiuxia@a20031022 13:45:48@Mxiuxia@m20031022 13:45:53
    
    B模式:拯救地球 延续文明/(美)莱斯特· R.布朗著/林自新,暴永宁等译.-北京:东方出版社,2003.12
    308页;21cm
    
    
    ISBN 7-5060-1750-4:CNY21.00
    本书为全球经济持续发展,避免环境继续恶化终而导致经济衰退,指出了切实可行的途径。全书十一章,分为三部分:困扰中的文明、B模式、唯一的出路。
●
相关链接 在五车中查询图书 在当当中查询图书 在豆瓣中查询图书


正题名:B模式     索取号:F062.2/1         预约/预借

序号 登录号 条形码 馆藏地/架位号 状态 备注
1 0375571   200899689   样本书库/样002架B面4层1列/ [索取号:F062.2/1] 在馆    
2 0375572   200899714   中心书库北库/ 北库006架A面5列5层36/ [索取号:F062.2/1] 在馆    
3 0375573   200899705   中心书库北库/ 北库006架A面5列5层37/ [索取号:F062.2/1] 在馆    
4 0375574   200899732   中心书库北库/ 北库006架A面5列5层35/ [索取号:F062.2/1] 在馆    
5 0375575   200899723   中心书库北库/ 北库006架A面5列5层33/ [索取号:F062.2/1] 在馆    
6 0375576   200899750   中心书库北库/ 北库006架A面5列5层34/ [索取号:F062.2/1] 在馆    
山东省滨州职业学院图书馆 欢迎您!
大连网信软件有限公司© 版权所有